Normal view
MARC view
Entry Personal Name
001 - CONTROL NUMBER
- control field: 43594
003 - CONTROL NUMBER IDENTIFIER
- control field: dpl
005 - DATE AND TIME OF LATEST TRANSACTION
- control field: 20120307135737.0
008 - FIXED-LENGTH DATA ELEMENTS
- fixed length control field: 120307|||a|||||| | ||| d
040 ## - CATALOGING SOURCE
- Original cataloging agency: dpl
- Transcribing agency: dpl
100 ## - HEADING--PERSONAL NAME
- Personal name: Kale, M. G.
670 ## - SOURCE DATA FOUND
- Source citation: Work cat.: (dpl): Kale, M. G., Bhagawad-Geeta Commentary /, 1994
670 ## - SOURCE DATA FOUND
- Source citation: Work cat.: (dpl): Kale, M. G., Bhagawad-Geeta Commentary /, 1994
